The ins and outs of insurance (Record no. 78413)
[ view plain ]
| 000 -LEADER | |
|---|---|
| fixed length control field | 01194cab a2200205 4500 |
| 001 - CONTROL NUMBER | |
| control field | ##L136718 |
| 008 - FIXED-LENGTH DATA ELEMENTS--GENERAL INFORMATION | |
| fixed length control field | 070219n2006 000 0 eng u |
| 035 ## - SYSTEM CONTROL NUMBER | |
| System control number | (Sirsi) u136718 |
| 041 0# - LANGUAGE CODE | |
| Language code of text/sound track or separate title | eng |
| 100 1# - MAIN ENTRY--PERSONAL NAME | |
| Personal name | Patterson, Lindy |
| 245 04 - TITLE STATEMENT | |
| Title | The ins and outs of insurance |
| 260 ## - PUBLICATION, DISTRIBUTION, ETC. | |
| Date of publication, distribution, etc. | 2006 |
| 490 #0 - SERIES STATEMENT | |
| Series statement | Construction News |
| Volume/sequential designation | (6999) 21 December 2006, 15(1) |
| 520 ## - SUMMARY, ETC. | |
| Summary, etc. | Considers the limitations of the Contractor's All Risks Insurance or Works policy. Notes that All Risks policies generally cover physical damage, as opposed to defects, and that the cover provided is limited in terms of its duration and therefore excludes latent defects. In addition, All Risks contains significant exclusions in the form of the Design Exclusion clause. Looks at the five different types of Design Exclusion clauses, DE1 to DE5, and concludes that such gaps in cover can be partly filled by professional indemnity insurance, provided that negligence is established. |
| 650 24 - SUBJECT ADDED ENTRY--TOPICAL TERM | |
| Topical term or geographic name entry element | CONTRACTORS ALL RISKS INSURANCE |
| 651 #4 - SUBJECT ADDED ENTRY--GEOGRAPHIC NAME | |
| Geographic name | United Kingdom |
| Chronological subdivision | |
| 690 ## - LOCAL SUBJECT ADDED ENTRY--TOPICAL TERM (OCLC, RLIN) | |
| Topical term or geographic name as entry element | MANAGEMENT-BUSINESS MANAGEMENT-INSURANCE |
| 690 ## - LOCAL SUBJECT ADDED ENTRY--TOPICAL TERM (OCLC, RLIN) | |
| Topical term or geographic name as entry element | BUILT ENVIRONMENT-CONSTRUCTION MANAGEMENT-BUILDING CONTRACT ADMINISTRATION |
| 942 ## - ADDED ENTRY ELEMENTS (KOHA) | |
| Suppress in OPAC | 0 |
| Withdrawn status | Lost status | Source of classification or shelving scheme | Damaged status | Not for loan | Home library | Current library | Shelving location | Date acquired | Total Checkouts | Full call number | Barcode | Date last seen | Copy number | Price effective from | Koha item type |
|---|---|---|---|---|---|---|---|---|---|---|---|---|---|---|---|
| Dewey Decimal Classification | London | London | Journal article | 19/02/2007 | L136718 | 136718-1001 | 06/08/2019 | 1 | 06/08/2019 | Journal article |